000 00868nam a2200241Ia 4500
008 191130s2008##################000#0#eng##
020 _a9780774814430 (acid-free paper)
040 _aACL
_cACL
082 _a327.71052 DON
245 _aContradictory impulses : Canada and Japan in the twentieth century
_cedited by Greg Donaghy and Patricia E. Roy
260 _aVancouver
_bUBC Press
_cc2008
300 _ax, 271 : ill., maps ; 24 cm.
500 _aIncludes bibliographical references and index
650 _aCanada - Foreign relations - Japan
650 _aCanada - Relations extérieures - Japon
650 _aJapan - Foreign relations - Canada
650 _aJapon - Relations extérieures - Canada
700 _aDonaghy, Greg
700 _aRoy, Patricia
990 _afa30d256ac10000c583d7f43dadfea10
991 _a131028
999 _c249965
_d249965